| 000 | 00634nam a22001337a 4500 | ||
|---|---|---|---|
| 040 | _cRUA | ||
| 082 | _aAVM TRE 2018 B649 Or.1 | ||
| 100 | _aTREN SREYKHUOCH ត្រេន ស្រីឃួច | ||
| 245 | _apresence of bacteria in pork at chamkar doung market phnom penh វត្តមានបាក់តេរីក្នុងសាច់ជ្រូកនៅផ្សារចំការដូងរាជធានីភ្នំពេញ | ||
| 260 |
_aRUA _bPhnom penh _c2018 |
||
| 300 |
_aix;33p _bill; _c29cm |
||
| 856 | _uhttps://drive.google.com/file/d/1Ih4FEYvwDHhPug5r6LafjrrlqsZKt6Yw/view?usp=sharing | ||
| 942 | _cAVM | ||
| 999 |
_c18330 _d18330 |
||